000 00539nam a2200181Ia 4500
001 61522
008 170222n2012 ii |||gr||||Z||||||465
082 _a820.9
100 _aDas, Bijay Kumar,
_eAuthor.
245 0 _aCritical essays on post-colonial literature
_cby Bijay Kumar Das
_hTextual Documents
250 _a3rd rev and enlrd ed.
260 _aDelhi
_bAtlantic Publishers
_c2012
300 _axii, 232p:
_c21cm.
653 _aEnglish
653 _aEnglish essay, post-colonial literature
653 _aG-English
942 _2ddc
_cBK
999 _c62631
_d62631